BIBLIOTECA

SENCICO

Mayor productividad y un mejor lugar de trabajo : Ideas prácticas para gerentes de pequeñas y medianas empresas industriales : Guía para la acción (Registro nro. 2996)

Detalles MARC
000 -LEADER
fixed length control field 00855nam a2200193Ia 4500
005 - DATE AND TIME OF LATEST TRANSACTION
control field 20251020182559.0
008 - FIXED-LENGTH DATA ELEMENTS--GENERAL INFORMATION
fixed length control field 200515s9999 xx 000 0 und d
082 ## - DEWEY DECIMAL CLASSIFICATION NUMBER
Classification number SC/331.822.333/T49
100 ## - MAIN ENTRY--PERSONAL NAME
Personal name THURMAN, J. E.LOUZINE, A. E.KOGI, K.
245 #0 - TITLE STATEMENT
Title Mayor productividad y un mejor lugar de trabajo : Ideas prácticas para gerentes de pequeñas y medianas empresas industriales : Guía para la acción
260 ## - PUBLICATION, DISTRIBUTION, ETC.
Place of publication, distribution, etc. Ginebra
260 ## - PUBLICATION, DISTRIBUTION, ETC.
Date of publication, distribution, etc. 1989
300 ## - PHYSICAL DESCRIPTION
Extent 114
520 ## - SUMMARY, ETC.
Summary, etc. Medidas simples, efectivas y de costo reducido para aumentar la productividad y mejorar las condiciones en el lugar de trabajo. Los propietarios y gerentes de pequeñas y medianas empresas encontrarán ideas con respecto a asuntos básicos como almacenamient
650 ## - SUBJECT ADDED ENTRY--TOPICAL TERM
Topical term or geographic name entry element ALMACENAMIENTO DE MATERIALES
650 ## - SUBJECT ADDED ENTRY--TOPICAL TERM
Topical term or geographic name entry element PUB OIT
650 ## - SUBJECT ADDED ENTRY--TOPICAL TERM
Topical term or geographic name entry element SEGURIDAD E HIGIENE
942 ## - ADDED ENTRY ELEMENTS (KOHA)
Koha item type Libros
Existencias
Fecha de la última vez que lo usaron Pago total Signatura topográfica completa Código de barras Precio efectivo desde Tipo de documento Estado perdido Estado dañado No es para préstamo Retirado Ubicación permanente Ubicación actual Fecha de adquisición
15/05/2020   SC/331.822.333/T49 Bib-Lima15052996 15/05/2020 Libros         Biblioteca Central Lima Biblioteca Central Lima 15/05/2020